00849nam a22002537a 4500003000500000005001700005008004100022010001000063011001000073020001500083035001100098040000900109245017600118260004600294300003900340490003700379650001500416650002100431650002000452650002300472650002700495700003600522830003700558CHAP20220329143542.0100518s2007 mx a r 00010 spa d a98445 a99417 a9680202615 a110103 cCHAP00aProducción, comercialización e industrialización del xoconostle en la región de las pirámides, estado de Méxicoc/por Claudio Armando Flores Valdez ...[et al.] aChapingo, Méx. :bUACH. CIESTAAM,c2007 a42 p. :bilus., cuadros, diagramas 0aReporte de investigaciónv; 7814aCardenche.14aTunaxIndustria.14aTunaxMercadeo.14aTunaxRendimiento.14aTunazMéxico (Edo.).0 aFlores Valdez, Claudio Armando.0 aReporte de investigaciónv; 78